[Event "2. Bundesliga Ost 2016/2017"]
[Site "alle Wien"]
[Date "2016.11.12"]
[Round "3"]
[Board "2"]
[White "Rumpl, Erwin"]
[Black "Plachetka, Jan"]
[Result "0-1"]
[WhiteElo "2317"]
[BlackElo "2354"]
[PlyCount "122"]
[EventDate "2016.10.15"]
[EventType "team"]
[EventRounds "11"]
[EventCountry "AUT"]
[WhiteTeam "SC Data Technology Pressbaum/E."]
[BlackTeam "SK Sparkasse Bad Voeslau"]

1. Nf3 d5 2. b3 Nf6 3. Bb2 g6 4. c4 c6 5. cxd5 cxd5 6. Bxf6 exf6 7. e3 Nc6 8.
Bb5 Bg7 9. Nc3 O-O 10. Bxc6 bxc6 11. Na4 f5 12. Rc1 d4 13. O-O Ba6 14. Re1 dxe3
15. dxe3 Bb5 16. Nc5 Bb2 17. Rc2 Ba3 18. Qa1 Qe7 19. Qe5 Qxe5 20. Nxe5 Rfd8 21.
Na4 Rd6 22. Nc4 Bxc4 23. Rxc4 Rad8 24. Kf1 a5 25. Re2 Rd1+ 26. Re1 Bb4 27. Rxd1
Rxd1+ 28. Ke2 Rd2+ 29. Kf3 Rxa2 30. Nc5 Rb2 31. h3 h5 32. Nd3 Rxb3 33. Nxb4
axb4 34. Rxc6 Rb2 35. Rc4 b3 36. g4 Rc2 37. Rb4 fxg4+ 38. hxg4 hxg4+ 39. Kxg4
b2 40. f4 Kg7 41. e4 Kf6 42. Rb6+ Ke7 43. e5 Kd7 44. Kg5 Kc7 45. Rb3 Rf2 46.
Kh6 Kc6 47. Kg7 Kc5 48. Rb8 Rxf4 49. Rxb2 Kd5 50. Rb5+ Ke6 51. Ra5 Rf5 52. Rb5
g5 53. Kh6 Rxe5 54. Rb1 g4 55. Rg1 Kf5 56. Kh5 Re3 57. Rxg4 Rh3+ 58. Rh4 Rxh4+
59. Kxh4 Kf4 60. Kh3 Kf3 61. Kh4 f5 0-1

[Event "2. Bundesliga Ost 2016/2017"]
[Site "alle Wien"]
[Date "2016.11.12"]
[Round "3"]
[Board "3"]
[White "Grimm, Daniel"]
[Black "Weissenbeck, Manuel"]
[Result "1/2-1/2"]
[WhiteElo "2346"]
[BlackElo "2229"]
[PlyCount "55"]
[EventDate "2016.10.15"]
[EventType "team"]
[EventRounds "11"]
[EventCountry "AUT"]
[WhiteTeam "SK Sparkasse Bad Voeslau"]
[BlackTeam "SC Data Technology Pressbaum/E."]

1. e4 c5 2. Nf3 d6 3. d4 cxd4 4. Qxd4 Nc6 5. Bb5 Bd7 6. Bxc6 Bxc6 7. Nc3 e6 8.
Bg5 Nf6 9. O-O-O Be7 10. Rhe1 O-O 11. Kb1 Qa5 12. Qd2 Qc7 13. Nd4 Rfd8 14. f3
a6 15. g4 b5 16. Nce2 Bb7 17. Ng3 Rac8 18. Nh5 Ne8 19. h4 g6 20. Ng3 e5 21. Nb3
f6 22. Be3 d5 23. Qf2 d4 24. Bc1 a5 25. f4 a4 26. Na1 Nd6 27. h5 b4 28. hxg6
 1/2-1/2

[Event "2. Bundesliga Ost 2016/2017"]
[Site "alle Wien"]
[Date "2016.11.12"]
[Round "3"]
[Board "4"]
[White "Neumeier, Klaus"]
[Black "Brehovsky, Paul"]
[Result "0-1"]
[WhiteElo "2286"]
[BlackElo "2127"]
[PlyCount "74"]
[EventDate "2016.10.15"]
[EventType "team"]
[EventRounds "11"]
[EventCountry "AUT"]
[WhiteTeam "SC Data Technology Pressbaum/E."]
[BlackTeam "SK Sparkasse Bad Voeslau"]

1. Nf3 e6 2. g3 Nf6 3. Bg2 d5 4. O-O Be7 5. c4 O-O 6. d4 b6 7. cxd5 exd5 8. Nc3
Bb7 9. Ne5 Na6 10. Qa4 c5 11. Rd1 Re8 12. Nc6 Bxc6 13. Qxc6 cxd4 14. Rxd4 Bc5
15. Rd1 Nb4 16. Qa4 a6 17. a3 b5 18. Qb3 Nc6 19. Bxd5 Nxd5 20. Rxd5 Qb6 21. Rf5
Re6 22. Qd5 Bd4 23. Qf3 Rae8 24. Nd5 Qd8 25. e3 Ne5 26. Qg2 Nd3 27. Bd2 Bxb2
28. Rd1 g6 29. g4 Rd6 30. Bc3 Bxc3 31. Rxd3 gxf5 32. gxf5+ Kh8 33. e4 Rg8 34.
Rg3 Be5 35. f4 Bd4+ 36. Kh1 Rxg3 37. hxg3 Rh6+ 0-1

[Event "2. Bundesliga Ost 2016/2017"]
[Site "alle Wien"]
[Date "2016.11.12"]
[Round "3"]
[Board "5"]
[White "Lampl, Gerald"]
[Black "Hechl, Gerald"]
[Result "0-1"]
[WhiteElo "2082"]
[BlackElo "2251"]
[PlyCount "138"]
[EventDate "2016.10.15"]
[EventType "team"]
[EventRounds "11"]
[EventCountry "AUT"]
[WhiteTeam "SK Sparkasse Bad Voeslau"]
[BlackTeam "SC Data Technology Pressbaum/E."]

1. d4 Nf6 2. c4 d6 3. g3 Nbd7 4. Nf3 e5 5. Nc3 Be7 6. Bg2 c6 7. Qc2 Qc7 8. O-O
Nf8 9. Rd1 Ng6 10. b3 h5 11. h4 O-O 12. c5 exd4 13. Nxd4 dxc5 14. Nf5 Bxf5 15.
Qxf5 Qe5 16. Qxe5 Nxe5 17. Bf4 Ng6 18. Bg5 Rad8 19. Rac1 Ng4 20. Ne4 b6 21. Bf3
Bxg5 22. hxg5 Ne7 23. Kg2 Rxd1 24. Rxd1 Nd5 25. Rh1 g6 26. Bxg4 hxg4 27. Rh4
Kg7 28. Rxg4 Nb4 29. a4 Rd8 30. a5 Rd4 31. Rh4 Nd5 32. axb6 axb6 33. Kf3 Rb4
34. Nd2 Rb5 35. e4 Nc7 36. Rf4 Ne6 37. Rh4 Nxg5+ 38. Ke3 Ne6 39. e5 Nd4 40. Rf4
Rb4 41. Kd3 b5 42. Rf6 Ne6 43. Ne4 Rxb3+ 44. Kc2 Rf3 45. Rxf3 Nd4+ 46. Kc3 Nxf3
47. Nxc5 Nxe5 48. f4 Nc4 49. Nd7 Nd6 50. Kb4 Ne4 51. g4 f6 52. Nb8 Nf2 53. Nxc6
Nd3+ 54. Kxb5 Nxf4 55. Kc4 Kh6 56. Nb8 Kg5 57. Nd7 Nh3 58. Kd4 Nf2 59. Ke3
Nxg4+ 60. Ke4 Ne5 61. Nf8 Kg4 62. Nh7 Nd7 63. Kd5 Kf5 64. Kd6 g5 65. Kxd7 g4
66. Nf8 g3 67. Ne6 Ke5 68. Nc5 Kd4 69. Ne6+ Ke3 0-1

[Event "2. Bundesliga Ost 2016/2017"]
[Site "alle Wien"]
[Date "2016.11.12"]
[Round "3"]
[Board "6"]
[White "Lucaci, Marius"]
[Black "Dittel, Herbert"]
[Result "1-0"]
[WhiteElo "2168"]
[BlackElo "2068"]
[PlyCount "81"]
[EventDate "2016.10.15"]
[EventType "team"]
[EventRounds "11"]
[EventCountry "AUT"]
[WhiteTeam "SC Data Technology Pressbaum/E."]
[BlackTeam "SK Sparkasse Bad Voeslau"]

1. e4 c5 2. Nf3 d6 3. d4 cxd4 4. Nxd4 Nf6 5. Nc3 a6 6. a4 e5 7. Nf3 h6 8. Bd3
Be6 9. O-O Be7 10. b4 O-O 11. Qe2 Nc6 12. Ba3 Bg4 13. Qe3 Bxf3 14. Qxf3 Nd4 15.
Qd1 Rc8 16. Bb2 Ne6 17. g3 Re8 18. Nd5 Nxd5 19. exd5 Nf8 20. Qg4 Nh7 21. Rae1
Nf6 22. Qf5 g6 23. Qh3 Bf8 24. Bc1 e4 25. Be2 Rxc2 26. Bxh6 Bxh6 27. Qxh6 Nxd5
28. b5 Nc3 29. Bd1 Nxd1 30. Rxd1 axb5 31. axb5 Qb6 32. Qf4 Qxb5 33. Rxd6 Qc5
34. Rd7 Re7 35. Rd8+ Kg7 36. Qh4 f5 37. Qh8+ Kf7 38. Qg8+ Kf6 39. Rf8+ Kg5 40.
Qh8 Kg4 41. Kg2 1-0

[Event "2. Bundesliga Ost 2016/2017"]
[Site "alle Wien"]
[Date "2016.11.12"]
[Round "3"]
[Board "1"]
[White "Menezes, Christoph"]
[Black "Stanec, Nikolaus"]
[Result "1/2-1/2"]
[WhiteElo "2411"]
[BlackElo "2444"]
[PlyCount "49"]
[EventDate "2016.10.15"]
[EventType "team"]
[EventRounds "11"]
[EventCountry "AUT"]
[WhiteTeam "tschaturanga"]
[BlackTeam "SC Donaustadt"]

1. Nf3 Nf6 2. g3 g6 3. Bg2 Bg7 4. O-O O-O 5. d4 d6 6. b3 c6 7. Bb2 a5 8. Nbd2
Bf5 9. Re1 d5 10. Nh4 Be6 11. c4 a4 12. Qc2 axb3 13. axb3 Rxa1 14. Bxa1 Na6 15.
e4 Nxe4 16. Nxe4 dxe4 17. Qxe4 Qa5 18. Nf3 Bf6 19. Qe3 Rd8 20. h4 Qb6 21. Ne5
Nb4 22. Qd2 Na6 23. Qe3 Nb4 24. Qd2 Na6 25. Qe3 1/2-1/2

[Event "2. Bundesliga Ost 2016/2017"]
[Site "alle Wien"]
[Date "2016.11.12"]
[Round "3"]
[Board "2"]
[White "Pingitzer, Harald"]
[Black "Wcislo, Damian"]
[Result "0-1"]
[WhiteElo "2314"]
[BlackElo "2304"]
[PlyCount "76"]
[EventDate "2016.10.15"]
[EventType "team"]
[EventRounds "11"]
[EventCountry "AUT"]
[WhiteTeam "SC Donaustadt"]
[BlackTeam "tschaturanga"]

1. Nf3 d5 2. d4 Nf6 3. c4 c6 4. e3 e6 5. Nc3 Nbd7 6. Qc2 Bd6 7. Bd3 dxc4 8.
Bxc4 b5 9. Bd3 Bb7 10. a3 O-O 11. O-O a6 12. e4 c5 13. e5 Bxf3 14. gxf3 cxd4
15. exf6 dxc3 16. Bxh7+ Kh8 17. fxg7+ Kxg7 18. Qxc3+ Be5 19. Qe3 Qh4 20. f4
Kxh7 21. fxe5 Rg8+ 22. Kh1 Nxe5 23. Bd2 Rad8 24. Qxe5 Qh3 25. Qe4+ f5 26. Qb7+
Rg7 27. Qxg7+ Kxg7 28. Rg1+ Kf7 29. Rg3 Qh5 30. Bc3 e5 31. f3 f4 32. Rg4 Qh3
33. Rg5 Qxf3+ 34. Kg1 Rg8 35. Rxg8 Kxg8 36. a4 bxa4 37. h3 Qg3+ 38. Kf1 f3 0-1

[Event "2. Bundesliga Ost 2016/2017"]
[Site "alle Wien"]
[Date "2016.11.12"]
[Round "3"]
[Board "3"]
[White "Sadilek, Peter"]
[Black "Schwab, Lukas"]
[Result "1-0"]
[WhiteElo "2274"]
[BlackElo "2087"]
[PlyCount "81"]
[EventDate "2016.10.15"]
[EventType "team"]
[EventRounds "11"]
[EventCountry "AUT"]
[WhiteTeam "tschaturanga"]
[BlackTeam "SC Donaustadt"]

1. d4 d5 2. c4 e6 3. Nf3 Nf6 4. g3 Bb4+ 5. Bd2 Be7 6. Bg2 O-O 7. O-O c6 8. Qc2
Nbd7 9. Rd1 b6 10. Bf4 Bb7 11. b3 Rc8 12. Nc3 Bb4 13. Ne5 Nh5 14. Bc1 Nhf6 15.
Bb2 Qc7 16. Nd3 Be7 17. e4 dxe4 18. Nxe4 Rfd8 19. Qe2 Nxe4 20. Qxe4 Bf6 21. Nf4
g6 22. h4 Bg7 23. h5 Nf6 24. Qe2 Re8 25. hxg6 hxg6 26. Rab1 Rcd8 27. Qc2 Re7
28. Re1 Bc8 29. Bc3 Nh7 30. Rbd1 Rde8 31. Bb4 Rd7 32. d5 e5 33. dxc6 Rxd1 34.
Qxd1 Nf6 35. Nd5 Nxd5 36. cxd5 Bf5 37. d6 Qd8 38. d7 Rf8 39. Bxf8 Bxf8 40. Rxe5
Bc5 41. Re8+ 1-0

[Event "2. Bundesliga Ost 2016/2017"]
[Site "alle Wien"]
[Date "2016.11.12"]
[Round "3"]
[Board "4"]
[White "Froewis, Annika"]
[Black "Sadilek, Maximilian"]
[Result "1/2-1/2"]
[WhiteElo "2101"]
[BlackElo "2258"]
[PlyCount "94"]
[EventDate "2016.10.15"]
[EventType "team"]
[EventRounds "11"]
[EventCountry "AUT"]
[WhiteTeam "SC Donaustadt"]
[BlackTeam "tschaturanga"]

1. e4 g6 2. d4 Bg7 3. Nc3 a6 4. Be3 b5 5. Qd2 Bb7 6. f3 d6 7. Nh3 Nd7 8. a4 b4
9. Nd1 a5 10. Bc4 e6 11. c3 d5 12. exd5 exd5 13. Bb3 bxc3 14. bxc3 Ngf6 15. O-O
O-O 16. Bg5 Re8 17. Ne3 h6 18. Bh4 Nb6 19. Nf2 h5 20. Bg5 Ba6 21. Rfe1 Qd6 22.
Nd3 Bxd3 23. Qxd3 Re6 24. Re2 Rae8 25. Rae1 Qc6 26. Qc2 Kh7 27. f4 Ne4 28. f5
gxf5 29. Nxf5 Rg6 30. Ne7 Rxe7 31. Bxe7 Nxc3 32. Rd2 Ne4 33. Qxc6 Rxc6 34. Bxd5
Nxd5 35. Rxe4 f5 36. Re1 Rc4 37. Bc5 Rxa4 38. Re8 Ra1+ 39. Kf2 Nf6 40. Re7 Ne4+
41. Rxe4 fxe4 42. Re2 Rd1 43. Rxe4 Rd2+ 44. Kf3 Kg6 45. Re7 Bxd4 46. Bxd4 Rxd4
47. Rxc7 a4 1/2-1/2

[Event "2. Bundesliga Ost 2016/2017"]
[Site "alle Wien"]
[Date "2016.11.12"]
[Round "3"]
[Board "5"]
[White "Kreindl, Helmut"]
[Black "Karlusch, Albrecht"]
[Result "0-1"]
[WhiteElo "2226"]
[BlackElo "2142"]
[PlyCount "74"]
[EventDate "2016.10.15"]
[EventType "team"]
[EventRounds "11"]
[EventCountry "AUT"]
[WhiteTeam "tschaturanga"]
[BlackTeam "SC Donaustadt"]

1. d4 d5 2. f4 Nf6 3. e3 Bg4 4. Nf3 Nbd7 5. Bd3 c5 6. c3 e6 7. Nbd2 Be7 8. O-O
O-O 9. h3 Bxf3 10. Nxf3 Ne4 11. Bd2 f5 12. Be1 c4 13. Bxe4 fxe4 14. Ne5 Nxe5
15. fxe5 Rxf1+ 16. Kxf1 Qf8+ 17. Kg1 Qf5 18. b3 Rf8 19. Qe2 b5 20. a4 a6 21. b4
Bg5 22. axb5 axb5 23. Ra5 Rb8 24. Bf2 g6 25. Qa2 Rb7 26. Ra8+ Kg7 27. Qe2 h5
28. Qe1 Bh6 29. Qa1 Rf7 30. Qa2 g5 31. Qe2 g4 32. hxg4 Qxg4 33. Qe1 Kh7 34. Rb8
Rg7 35. Qf1 h4 36. Rxb5 h3 37. g3 Rf7 0-1

[Event "2. Bundesliga Ost 2016/2017"]
[Site "alle Wien"]
[Date "2016.11.12"]
[Round "3"]
[Board "6"]
[White "Sekyra, Michael"]
[Black "Leitner, Gerald"]
[Result "1/2-1/2"]
[WhiteElo "2099"]
[BlackElo "2160"]
[PlyCount "102"]
[EventDate "2016.10.15"]
[EventType "team"]
[EventRounds "11"]
[EventCountry "AUT"]
[WhiteTeam "SC Donaustadt"]
[BlackTeam "tschaturanga"]

1. e4 e5 2. Nf3 Nc6 3. Bb5 a6 4. Ba4 Nf6 5. O-O b5 6. Bb3 Be7 7. Re1 O-O 8. h3
Bb7 9. d3 d6 10. a3 Na5 11. Ba2 c5 12. Nbd2 Rc8 13. Nf1 Re8 14. Ng3 Bf8 15. Bg5
h6 16. Bh4 g6 17. Qd2 Nc6 18. Nh2 Bg7 19. Ng4 g5 20. Bxg5 hxg5 21. Qxg5 Nxg4
22. Qxg4 Kf8 23. Nf5 Qf6 24. Re3 Bh6 25. Rg3 Ne7 26. Nxh6 Qxh6 27. Rf3 c4 28.
dxc4 bxc4 29. Rd1 Red8 30. Rc3 Qg6 31. Qxg6 Nxg6 32. f3 d5 33. exd5 Bxd5 34.
Bxc4 Nf4 35. g3 Bxc4 36. Rxd8+ Rxd8 37. gxf4 Be6 38. fxe5 Bxh3 39. Kf2 Be6 40.
Ke3 Rd5 41. f4 a5 42. Ke4 Rd1 43. Rc5 a4 44. Ra5 Re1+ 45. Kf3 Rb1 46. Rxa4 Rxb2
47. Ke4 Rxc2 48. f5 Bd7 49. Ra7 Ke8 50. e6 fxe6 51. fxe6 Bxe6 1/2-1/2

[Event "2. Bundesliga Ost 2016/2017"]
[Site "alle Wien"]
[Date "2016.11.12"]
[Round "3"]
[Board "1"]
[White "Bachofner, Andreas"]
[Black "Polak, Tomas"]
[Result "1/2-1/2"]
[WhiteElo "2214"]
[BlackElo "2505"]
[PlyCount "98"]
[EventDate "2016.10.15"]
[EventType "team"]
[EventRounds "11"]
[EventCountry "AUT"]
[WhiteTeam "Blackburne Nickelsdorf 2"]
[BlackTeam "SK Hietzing"]

1. e4 c5 2. Nf3 d6 3. d4 cxd4 4. Nxd4 Nf6 5. Nc3 Nc6 6. Bg5 e6 7. Qd2 Be7 8.
O-O-O a6 9. f3 Bd7 10. Be3 b5 11. g4 h6 12. h4 b4 13. Nce2 d5 14. Nxc6 Bxc6 15.
Nd4 Bb7 16. e5 Nd7 17. f4 Nc5 18. Bg2 Ne4 19. Bxe4 dxe4 20. Kb1 Qc7 21. g5 hxg5
22. hxg5 Rxh1 23. Rxh1 O-O-O 24. Qe2 g6 25. Rc1 Kb8 26. c3 bxc3 27. Rxc3 Qd7
28. Qc2 Rc8 29. Rxc8+ Qxc8 30. Qxc8+ Kxc8 31. Kc2 Bd5 32. b3 Kb7 33. Kc3 a5 34.
Nc2 Ka6 35. Bd4 Kb5 36. a3 Ka6 37. Be3 Bc6 38. Nd4 Bd5 39. Nc2 Kb7 40. Bd4 Bc6
41. b4 Ka6 42. Be3 Ba4 43. Nd4 Bd8 44. Bf2 Bb6 45. Be3 Ba7 46. Bf2 Bb6 47. Be3
Bb5 48. Bf2 Be2 49. Be3 Bb5 1/2-1/2

[Event "2. Bundesliga Ost 2016/2017"]
[Site "alle Wien"]
[Date "2016.11.12"]
[Round "3"]
[Board "2"]
[White "Penz, Harald"]
[Black "Bury, Rastislav"]
[Result "1/2-1/2"]
[WhiteElo "2315"]
[BlackElo "2159"]
[PlyCount "71"]
[EventDate "2016.10.15"]
[EventType "team"]
[EventRounds "11"]
[EventCountry "AUT"]
[WhiteTeam "SK Hietzing"]
[BlackTeam "Blackburne Nickelsdorf 2"]

1. e4 c5 2. c3 d5 3. exd5 Qxd5 4. d4 g6 5. Nf3 Nh6 6. Be2 cxd4 7. Qxd4 Qxd4 8.
Nxd4 Bg7 9. Nb5 Na6 10. Be3 Nf5 11. Bxa7 O-O 12. N1a3 Rd8 13. Bb6 Rd5 14. Rd1
Be6 15. O-O Re5 16. Bf3 Bxa2 17. Rd7 Nc5 18. Bxc5 Rxc5 19. Bxb7 Rb8 20. b4 Rxb5
21. Nxb5 Bc4 22. Nd4 Bxd4 23. cxd4 Bxf1 24. Kxf1 Nd6 25. Bd5 Kf8 26. Bc6 Rxb4
27. d5 Re4 28. f3 Re5 29. Ra7 Nf5 30. Kf2 Nd6 31. g4 h5 32. h3 hxg4 33. hxg4
Kg7 34. Ra4 f5 35. g5 f4 36. Rxf4 1/2-1/2

[Event "2. Bundesliga Ost 2016/2017"]
[Site "alle Wien"]
[Date "2016.11.12"]
[Round "3"]
[Board "3"]
[White "Kuntner, Reinhard"]
[Black "Vyskocil, Neklan"]
[Result "1-0"]
[WhiteElo "2076"]
[BlackElo "2332"]
[PlyCount "59"]
[EventDate "2016.10.15"]
[EventType "team"]
[EventRounds "11"]
[EventCountry "AUT"]
[WhiteTeam "Blackburne Nickelsdorf 2"]
[BlackTeam "SK Hietzing"]

1. c4 Nf6 2. Nc3 e5 3. g3 Bb4 4. Nd5 Bc5 5. e3 O-O 6. Bg2 Nxd5 7. cxd5 c6 8.
Ne2 cxd5 9. Bxd5 Nc6 10. O-O d6 11. d4 Bb6 12. Bg2 Bg4 13. d5 Nb8 14. h3 Bd7
15. Nc3 Na6 16. a3 Rc8 17. Bd2 f5 18. Rc1 Nc5 19. Qe2 e4 20. Nb5 Qe7 21. Nd4
Qe5 22. b4 Nd3 23. Rxc8 Rxc8 24. f4 Qxd5 25. Qxd3 Be6 26. Qb5 Qxb5 27. Nxb5 Rc2
28. Rf2 Bd5 29. Kh2 Ra2 30. Nc3 1-0

[Event "2. Bundesliga Ost 2016/2017"]
[Site "alle Wien"]
[Date "2016.11.12"]
[Round "3"]
[Board "4"]
[White "Djeno, Drago"]
[Black "Rongitsch, Thomas"]
[Result "1-0"]
[WhiteElo "2224"]
[BlackElo "2092"]
[PlyCount "71"]
[EventDate "2016.10.15"]
[EventType "team"]
[EventRounds "11"]
[EventCountry "AUT"]
[WhiteTeam "SK Hietzing"]
[BlackTeam "Blackburne Nickelsdorf 2"]

1. c4 e6 2. Nf3 Nf6 3. g3 d5 4. b3 Be7 5. Bg2 O-O 6. O-O b6 7. Nc3 Bb7 8. d4 c5
9. dxc5 Bxc5 10. Ne5 Nc6 11. Nxc6 Bxc6 12. Bg5 Be7 13. Rc1 Rc8 14. Bxf6 Bxf6
15. cxd5 Ba8 16. Qd3 Bxc3 17. Rxc3 Bxd5 18. Rxc8 Qxc8 19. Bxd5 exd5 20. Rd1 Rd8
21. Qd4 Kf8 22. e4 Qg4 23. Kg2 Qe2 24. Rd2 Qb5 25. exd5 Rd6 26. Qd3 Qxd3 27.
Rxd3 Ke7 28. Kf3 Rh6 29. h4 Rh5 30. Ke4 Kd6 31. f4 f5+ 32. Kd4 Rh6 33. Rc3 Kd7
34. Ke5 Rf6 35. b4 a6 36. a4 1-0

[Event "2. Bundesliga Ost 2016/2017"]
[Site "alle Wien"]
[Date "2016.11.12"]
[Round "3"]
[Board "5"]
[White "Gratze, Michael"]
[Black "Stadler, Peter"]
[Result "0-1"]
[WhiteElo "2019"]
[BlackElo "2082"]
[PlyCount "91"]
[EventDate "2016.10.15"]
[EventType "team"]
[EventRounds "11"]
[EventCountry "AUT"]
[WhiteTeam "Blackburne Nickelsdorf 2"]
[BlackTeam "SK Hietzing"]

1. e4 c5 2. Nf3 e6 3. g3 Nc6 4. Bg2 Nf6 5. Qe2 d5 6. exd5 Nxd5 7. Nc3 Ndb4 8.
d3 Nd4 9. Nxd4 cxd4 10. Ne4 Be7 11. a3 Nd5 12. O-O O-O 13. c4 dxc3 14. bxc3 Bd7
15. c4 Nb6 16. Bb2 Na4 17. Be5 f6 18. Bf4 e5 19. Bd2 Bc6 20. Rfb1 Qd7 21. Bb4
Rfe8 22. Rb3 f5 23. Nd2 Bf6 24. Rd1 a5 25. Bc3 Nxc3 26. Rxc3 e4 27. Rb3 Ba4 28.
dxe4 Rad8 29. Bf3 Bxb3 30. Nxb3 Qxd1+ 31. Qxd1 Rxd1+ 32. Bxd1 Rxe4 33. Bf3 Re1+
34. Kg2 b6 35. c5 a4 36. Nd2 bxc5 37. Bc6 Ra1 38. Nc4 Bd4 39. f4 Ra2+ 40. Kh3
Bg1 41. Kh4 Rxh2+ 42. Kg5 g6 43. Kf6 Bd4+ 44. Ke7 Rh3 45. Bd5+ Kg7 46. Nd6 0-1

[Event "2. Bundesliga Ost 2016/2017"]
[Site "alle Wien"]
[Date "2016.11.12"]
[Round "3"]
[Board "6"]
[White "Prager, Manfred"]
[Black "Adler, Thomas"]
[Result "1-0"]
[WhiteElo "1970"]
[BlackElo "1963"]
[PlyCount "75"]
[EventDate "2016.10.15"]
[EventType "team"]
[EventRounds "11"]
[EventCountry "AUT"]
[WhiteTeam "SK Hietzing"]
[BlackTeam "Blackburne Nickelsdorf 2"]

1. e4 e6 2. d4 d5 3. exd5 exd5 4. Bd3 Nc6 5. c3 Bd6 6. Qf3 Nf6 7. h3 Be6 8. Ne2
h6 9. Bf4 Bxf4 10. Nxf4 Qd7 11. Nd2 O-O-O 12. O-O-O Bf5 13. Nxd5 Bxd3 14. Nxf6
Qe6 15. Qxd3 Qxf6 16. Qf3 Qg6 17. Qg4+ Qxg4 18. hxg4 Rhe8 19. Rde1 Ne7 20. Re4
Nd5 21. Rhe1 Kd7 22. Rxe8 Rxe8 23. Rxe8 Kxe8 24. g3 Nf6 25. f3 Nd5 26. c4 Ne7
27. d5 f5 28. Kc2 fxg4 29. fxg4 Ng6 30. Nf3 Ke7 31. Kd3 Kd6 32. Kd4 b6 33. b4
Ne7 34. c5+ Kd7 35. Ne5+ Ke8 36. a4 Kd8 37. cxb6 axb6 38. Nc6+ 1-0

[Event "2. Bundesliga Ost 2016/2017"]
[Site "alle Wien"]
[Date "2016.11.13"]
[Round "4"]
[Board "1"]
[White "Weinzettl, Ernst"]
[Black "Polak, Tomas"]
[Result "1/2-1/2"]
[WhiteElo "2274"]
[BlackElo "2505"]
[PlyCount "113"]
[EventDate "2016.10.15"]
[EventType "team"]
[EventRounds "11"]
[EventCountry "AUT"]
[WhiteTeam "ASVOE VHS Poechlarn"]
[BlackTeam "SK Hietzing"]

1. e4 e5 2. Nf3 Nc6 3. c3 d5 4. d3 dxe4 5. dxe4 Qxd1+ 6. Kxd1 Bc5 7. Bb5 Bd7 8.
Ke2 Nf6 9. Nbd2 O-O 10. b4 Bb6 11. Bd3 Rfe8 12. Nc4 Be6 13. Ng5 Bg4+ 14. f3 Bd7
15. a4 h6 16. a5 Bd4 17. cxd4 Nxd4+ 18. Kf2 Nb3 19. Nxf7 Nxa1 20. Nfxe5 Bb5 21.
Bb2 Nb3 22. Bc2 Ba4 23. Nd2 Nc5 24. Bb1 Ncd7 25. Nxd7 Bxd7 26. Rc1 Rac8 27. g4
Be6 28. h3 Rcd8 29. Ke3 Re7 30. Nf1 Red7 31. Bc2 Kf8 32. h4 c6 33. Ng3 Rd2 34.
Ba3 Rg2 35. Ne2 Rh2 36. Nf4 Bf7 37. g5 hxg5 38. hxg5 Nd7 39. Bb2 Re8 40. Nd3
Bc4 41. Nf4 Kg8 42. Bd4 a6 43. Ba4 Ba2 44. Rd1 Nf8 45. Bc5 Ne6 46. Nxe6 Bxe6
47. Rd6 Ra2 48. Bd1 Kf7 49. Be2 g6 50. Bd3 Ra3 51. Kd4 Re7 52. f4 Rd7 53. f5
Rxd6+ 54. Bxd6 gxf5 55. exf5 Rxd3+ 56. Kxd3 Bxf5+ 57. Kd4 1/2-1/2

[Event "2. Bundesliga Ost 2016/2017"]
[Site "alle Wien"]
[Date "2016.11.13"]
[Round "4"]
[Board "2"]
[White "Penz, Harald"]
[Black "Ganaus, Hannes"]
[Result "1/2-1/2"]
[WhiteElo "2315"]
[BlackElo "2277"]
[PlyCount "82"]
[EventDate "2016.10.15"]
[EventType "team"]
[EventRounds "11"]
[EventCountry "AUT"]
[WhiteTeam "SK Hietzing"]
[BlackTeam "ASVOE VHS Poechlarn"]

1. e4 c6 2. Nf3 d5 3. Nc3 dxe4 4. Nxe4 Nf6 5. Nxf6+ exf6 6. Bc4 Bd6 7. Qe2+ Qe7
8. Qxe7+ Kxe7 9. O-O Be6 10. Re1 Kd7 11. Be2 a5 12. d4 Na6 13. c3 a4 14. Be3 b5
15. Nd2 f5 16. f3 Nc7 17. Bd3 Nd5 18. a3 Nb6 19. Rad1 g6 20. Re2 h6 21. Nf1 Bd5
22. Bc1 Nc4 23. Ne3 Rae8 24. Nxc4 Bxc4 25. Rxe8 Kxe8 26. Bxc4 bxc4 27. Re1+ Kd7
28. Re2 h5 29. h3 Re8 30. Rxe8 Kxe8 31. Be3 f4 32. Bf2 Kd7 33. Kf1 Ke6 34. Be1
Kf5 35. Bf2 g5 36. Ke2 Be7 37. Bg1 g4 38. hxg4+ hxg4 39. Bf2 Kg5 40. Be1 Kh5
41. Bd2 Bd6 1/2-1/2

[Event "2. Bundesliga Ost 2016/2017"]
[Site "alle Wien"]
[Date "2016.11.13"]
[Round "4"]
[Board "3"]
[White "Wilke, Werner"]
[Black "Vyskocil, Neklan"]
[Result "1/2-1/2"]
[WhiteElo "2226"]
[BlackElo "2332"]
[PlyCount "98"]
[EventDate "2016.10.15"]
[EventType "team"]
[EventRounds "11"]
[EventCountry "AUT"]
[WhiteTeam "ASVOE VHS Poechlarn"]
[BlackTeam "SK Hietzing"]

1. e4 c5 2. Nf3 g6 3. c3 d5 4. e5 Nc6 5. d4 cxd4 6. cxd4 Bg4 7. Bb5 Rc8 8. O-O
Bg7 9. Nbd2 Qb6 10. Qe2 Nh6 11. h3 Bd7 12. Nb3 Nxe5 13. Bxd7+ Nxd7 14. Bg5 e6
15. Nc5 Nxc5 16. dxc5 Qc7 17. Qd2 Nf5 18. g4 Ne7 19. Rac1 O-O 20. Rfe1 Nc6 21.
Bh6 Qa5 22. Qxa5 Nxa5 23. Bxg7 Kxg7 24. Ne5 g5 25. Nd3 Rfe8 26. h4 h6 27. hxg5
hxg5 28. Kg2 Rh8 29. Kg3 Rh6 30. Rh1 Rxh1 31. Rxh1 Nc6 32. b4 Nd4 33. Re1 a5
34. Rb1 Ne2+ 35. Kf3 Nc3 36. Rb3 Ne4 37. bxa5 Nd2+ 38. Ke3 Nxb3 39. axb3 f6 40.
Kd4 Rd8 41. c6 bxc6 42. Kc5 e5 43. Kxc6 e4 44. Nc5 d4 45. Nxe4 Re8 46. Nd2 Re2
47. Nc4 d3 48. a6 Rc2 49. Kb5 Rxc4 1/2-1/2

[Event "2. Bundesliga Ost 2016/2017"]
[Site "alle Wien"]
[Date "2016.11.13"]
[Round "4"]
[Board "4"]
[White "Djeno, Drago"]
[Black "Ernst, Michael"]
[Result "1/2-1/2"]
[WhiteElo "2224"]
[BlackElo "2071"]
[PlyCount "123"]
[EventDate "2016.10.15"]
[EventType "team"]
[EventRounds "11"]
[EventCountry "AUT"]
[WhiteTeam "SK Hietzing"]
[BlackTeam "ASVOE VHS Poechlarn"]

1. c4 e6 2. Nf3 Nf6 3. g3 d5 4. b3 Be7 5. Bg2 O-O 6. O-O b6 7. d4 Bb7 8. Nc3
Nbd7 9. Ne5 Ne4 10. Bb2 c5 11. Nxe4 dxe4 12. Nxd7 Qxd7 13. dxc5 Qxd1 14. Rfxd1
Bxc5 15. Be5 Rfd8 16. Bc7 Rxd1+ 17. Rxd1 Bc6 18. Kf1 Rc8 19. Be5 Be7 20. f3
exf3 21. Bxf3 Be8 22. Bb7 Rd8 23. Rd3 f6 24. Bc7 Rxd3 25. exd3 Bc5 26. Bf4 g5
27. Bc1 Bg6 28. Ke2 Kf7 29. Be3 e5 30. Be4 h6 31. g4 f5 32. gxf5 Bh5+ 33. Kf2
Kf6 34. Bxc5 bxc5 35. b4 cxb4 36. c5 Bf7 37. c6 Ke7 38. f6+ Kd6 39. Ke3 Bxa2
40. Bg6 Kxc6 41. f7 Bxf7 42. Bxf7 a5 43. Ke4 Kd6 44. Bb3 g4 45. Kf5 h5 46. Kg5
Kc5 47. Kxh5 Kd4 48. Kxg4 Kc3 49. Bd5 Kxd3 50. h4 e4 51. h5 e3 52. Bf3 e2 53.
Bxe2+ Kxe2 54. h6 b3 55. h7 b2 56. h8=Q b1=Q 57. Qh2+ Ke3 58. Qf4+ Ke2 59. Qh2+
Ke3 60. Qf4+ Ke2 61. Qe5+ Kf1 62. Qxa5 1/2-1/2